000 00830nam a2200277 a 4500
001 4036991
005 20180227042953.0
008 980713s1999 txuab b 001 0 eng d
010 _a 98071720
020 _a0155018612
035 _a(OCoLC)40700727
035 _aNNRB (FY0690(00)) RC
040 _aNjPRFB
_cNjPRFB
_dDLC
041 _aeng
042 _alccopycat
043 _an-us---
080 _a320.973
082 0 0 _a320.973 JILL
_221
100 1 _a20
101 _aSHP
245 1 0 _aAmerican government :
_cCal Jillson.
504 _aIncludes bibliographical references and index.
906 _a7
_bcbc
_ccopycat
_d2
_eopcn
_f19
_gy-gencatlg
942 _2ddc
_cBK
999 _c43567
_d43567